Carta apologética de la cirugía forense del Dr. Don Domingo Vidal, para servir de ilustración crítica a la obra original que copió sobre la misma materia D. Juan Fernandez del Valle &c. &c. / (Record no. 153012)
[ view plain ]
| 000 -LEADER | |
|---|---|
| campo de control de longitud fija | 01379nam a22002655i 4500 |
| 001 - NÚMERO DE CONTROL | |
| campo de control | 153012 |
| 003 - IDENTIFICADOR DE NÚMERO DE CONTROL | |
| campo de control | ES-MaACL |
| 005 - FECHA Y HORA DE LA ÚLTIMA TRANSACCIÓN | |
| campo de control | 20260203150624.0 |
| 008 - DATOS DE LONGITUD FIJA--INFORMACIÓN GENERAL | |
| campo de control de longitud fija | 050823s1798 sp | |||||||| ||spa d |
| 040 ## - FUENTE DE CATALOGACIÓN | |
| Centro catalogador/agencia de origen | CAM |
| Lengua de catalogación | spa |
| Centro/agencia transcriptor | CAM |
| 100 1# - ENTRADA PRINCIPAL--NOMBRE DE PERSONA | |
| Nombre de persona | Castillo, Pedro. |
| 9 (RLIN) | 36714 |
| 245 10 - MENCIÓN DEL TÍTULO | |
| Título | Carta apologética de la cirugía forense del Dr. Don Domingo Vidal, para servir de ilustración crítica a la obra original que copió sobre la misma materia D. Juan Fernandez del Valle &c. &c. / |
| Mención de responsabilidad, etc. | su autor Pedro Castillo. |
| 260 ## - PUBLICACIÓN, DISTRIBUCIÓN, ETC. | |
| Lugar de publicación, distribución, etc. | En Zaragoza : |
| Nombre del editor, distribuidor, etc. | en la oficina de B [...], Impresor de la Real So[...], |
| Fecha de publicación, distribución, etc. | [s.a.] |
| 300 ## - DESCRIPCIÓN FÍSICA | |
| Extensión | 34 p. ; |
| Dimensiones | 4º. |
| 530 ## - NOTA DISPONIBLE DE FORMULARIO FÍSICO ADICIONAL | |
| Nota de formato físico adicional disponible | Disponible en formato digital. |
| 594 ## - Nota al título y mención de responsabilidad | |
| Nota al título y mención de responsabilidad | Precede al tit.: Para casos como estos tienen discípulos los maestros. |
| 596 ## - NOTA AL PIE DE IMPRENTA | |
| NOTA AL PIE DE IMPRENTA | Texto fechado en Zaragoza, 10 de mayo de 1798. |
| 600 14 - PUNTO DE ACCESO ADICIONAL DE MATERIA--NOMBRE DE PERSONA | |
| Nombre de persona | Vidal, Domingo. |
| 9 (RLIN) | 155217 |
| 600 04 - PUNTO DE ACCESO ADICIONAL DE MATERIA--NOMBRE DE PERSONA | |
| Nombre de persona | Fernández del Valle, Juan. |
| 9 (RLIN) | 49735 |
| 650 #7 - PUNTO DE ACCESO ADICIONAL DE MATERIA--TÉRMINO DE MATERIA | |
| Término de materia o nombre geográfico como elemento de entrada | Medicina legal |
| Fuente del encabezamiento o término | embne |
| 9 (RLIN) | 14928 |
| 852 ## - LOCALIZACIÓN | |
| Ubicación | ES-MaACL |
| Número de control de estantería | R-3101 |
| Encuadernación | Encuadernación piel con hierros |
| condición física | Deteriorado en el borde inferior afectando al pie de imp.; restaurado |
| Ubicación en estantería | Depósito 1 |
| Signatura antigua | Olim:T-419-F-21 |
| Anotaciones manuscritas | Dedicatoria manuscrita de José Velez Sánchez a la Biblioteca de los Escolares Médicos |
| 856 4# - LOCALIZACIÓN Y ACCESO ELECTRÓNICOS | |
| Identificador Uniforme de Recursos | <a href="http://bdh-rd.bne.es/viewer.vm?id=0000064631&page=1 ">http://bdh-rd.bne.es/viewer.vm?id=0000064631&page=1 </a> |
| Texto de enlace | Biblioteca Digital Hispánica |
| 942 ## - ELEMENTOS DE ENTRADA SECUNDARIOS (KOHA) | |
| Fuente del sistema de clasificación o colocación | Clasificación decimal universal |
| Estatus retirado | Estado de pérdida | Estado de daño | No para préstamo | Colección | Biblioteca de origen | Biblioteca actual | Ubicación en estantería | Fecha de adquisición | Fuente de adquisición | Total de préstamos | Signatura topográfica completa | Código de barras | Visto por última vez | Precio de reemplazo | Tipo de ítem Koha |
|---|---|---|---|---|---|---|---|---|---|---|---|---|---|---|---|
| Colección digital | Biblioteca del Ateneo de Madrid | Biblioteca del Ateneo de Madrid | Depósito | 17/01/2008 | R-3101 | 1159851 | 23/02/2023 | 23/02/2023 | Libro impreso |
